Ước lượng chi phí du hành của du khách Cần Thơ tại đảo Phú Quốc : Luận văn Thạc sĩ kinh tế chuyên ngành Quản trị kinh doanh

Uớc lượng chi phí du hành của du khách Cần Thơ khi sử dụng các dịch vụ du lịch tại đảo Phú Quốc đồng thời phân tích các yếu tố ảnh hưởng đến cầu giải trí của đảo. Từ đó, đề xuất một số giải pháp nhằm làm tăng số cấu du lịch cho đả...

Cur síos iomlán

Đã lưu trong:
Sonraí Bibleagrafaíochta
Príomhúdar: Trương, Thị Hằng Nga
Formáid: Leabhar
Teanga:Undetermined
Foilsithe: Cần Thơ Trường Đại học Cần Thơ 2011
Ábhair:
Clibeanna: Cuir Clib Leis
Gan Chlibeanna, Bí ar an gcéad duine leis an taifead seo a chlibeáil!
Thư viện lưu trữ: Trung tâm Học liệu Trường Đại học Cần Thơ
LEADER 01294nam a2200229Ia 4500
001 CTU_170986
008 210402s9999 xx 000 0 und d
082 |a 338.4791 
082 |b Ng100 
088 |a 60340102 
100 |a Trương, Thị Hằng Nga 
245 0 |a Ước lượng chi phí du hành của du khách Cần Thơ tại đảo Phú Quốc : 
245 0 |b Luận văn Thạc sĩ kinh tế chuyên ngành Quản trị kinh doanh 
245 0 |c Trương Thị Hằng Nga ; Phạm Lê Thông (Hướng dẫn khoa học) 
260 |a Cần Thơ 
260 |b Trường Đại học Cần Thơ 
260 |c 2011 
520 |a Uớc lượng chi phí du hành của du khách Cần Thơ khi sử dụng các dịch vụ du lịch tại đảo Phú Quốc đồng thời phân tích các yếu tố ảnh hưởng đến cầu giải trí của đảo. Từ đó, đề xuất một số giải pháp nhằm làm tăng số cấu du lịch cho đảo Phú Quốc 
650 |a Công nghiệp dịch vụ,Service industries,Tourism,Du lịch 
650 |x Marketing,Tiếp thị 
904 |i Tuyền, Hải 
980 |a Trung tâm Học liệu Trường Đại học Cần Thơ